000 00975nam a2200241 a 4500
001 41258
003 BD-RjUL
005 20211209053344.0
008 160518s2011 bg ||||| |||| 00| 0 ben d
020 _c: Tk. 600.00
035 _a(BD-RjUL) 41375
040 _aBD-RjUL
_bben
_cBD-RjUL
041 _aben
082 _223
_a891.442
_bALN 2011
100 _aআল-মামুন, আবদুল্লাহ
_9126931
245 1 0 _aনির্বাচিত নাটক /
_cআবদুল্লাহ আল-মামুন ; রামেন্দু মজুমদার, সম্পাদক
260 _aঢাকা :
_bরেদওয়ানুর রহমান জুয়েল,
_c২০১১
300 _a৫১২ পৃ. ;
_c২১ সেমি.
650 _aবাংলা নাটক
_9126932
650 _aBengali Drama
_9126933
700 _aমজুমদার, রামেন্দু, সম্পাদক
_9126934
942 _2ddc
_cBK
999 _c41258
_d41258